Statistics for Guess the Movie from a Drawing of it

Click here to take the quiz!

General Stats

  • This quiz has been taken 66 times
  • The average score is 8 of 12

Answer Stats

Answer% Correct
Titanic
98%
Avatar
97%
Toy Story
97%
The Godfather
85%
Gladiator
80%
The Shining
77%
Pulp Fiction
53%
School of Rock
47%
Singin' in the Rain
45%
The Shawshank Redemption
43%
Superbad
33%
Lawrence of Arabia
28%

Score Distribution

Percentile by Number Answered

Percent of People with Each Score

Your Score History

You have not taken this quiz